| 000 | 01138cam a2200361 a 4500 | ||
|---|---|---|---|
| 999 |
_c246745 _d246745 |
||
| 001 | 900434232 | ||
| 003 | UNKNOWN | ||
| 005 | 20190723123026.0 | ||
| 008 | 091017t20082007nyu 000 1 eng d | ||
| 020 |
_a9781416523338 _qpaperback |
||
| 020 |
_a1416523332 _qpaperback |
||
| 035 | _a(OCoLC)180755702 | ||
| 040 |
_aTnLvILS _beng _cTnLvILS _dTnLvILS _erda |
||
| 043 | _an-us-tx | ||
| 082 | 0 | 4 |
_a813/.54 _223 |
| 092 | _afiction | ||
| 100 | 1 |
_aBrown, Sandra, _d1948- _930315 |
|
| 245 | 1 | 0 |
_aPlay dirty / _cSandra Brown. |
| 250 | _a1st Pocket Books pbk. ed. | ||
| 264 | 1 |
_aNew York : _bPocket Books, _c2008. |
|
| 300 |
_a535 pages ; _c20 cm. |
||
| 336 | _atext | ||
| 337 | _aunmediated | ||
| 338 | _avolume | ||
| 500 | _aCopyright date: 2007. | ||
| 500 | _aIncludes an excerpt from "Smoke screen." | ||
| 650 | 0 |
_aRich people _xCrimes against _vFiction. _95713936 |
|
| 650 | 0 |
_aPolice _zTexas _zDallas _vFiction. _95789603 |
|
| 651 | 0 |
_aDallas (Tex.) _vFiction. _95752888 |
|
| 655 | 7 |
_aDetective and mystery fiction. _2lcgft _95683641 |
|
| 907 | _a.b219327531 | ||
| 942 |
_2ddc _cBOOK |
||